Objective Biology For Neet Exam Conducted By Nta Set Of 3 Vol/ (Record no. 212875)
[ view plain ]
| 000 -LEADER | |
|---|---|
| fixed length control field | 00760nam a22002297a 4500 |
| 005 - DATE AND TIME OF LATEST TRANSACTION | |
| control field | 20251017161825.0 |
| 010 ## - LCCN (DPL NO) | |
| LC control number | ENG-146310-311 |
| 020 ## - INTERNATIONAL STANDARD BOOK NUMBER | |
| International Standard Book Number | 9788194915676(Set of 3 Vol) |
| Terms of availability | 1398.00 |
| 035 ## - SYSTEM CONTROL NUMBER | |
| System control number | EN-129842-843 |
| 037 ## - SOURCE OF ACQUISITION | |
| Source of stock number/acquisition | DBAD |
| 082 ## - DEWEY DECIMAL CLASSIFICATION NUMBER | |
| Classification number | 546.076 |
| Edition number | 1 |
| 100 ## - MAIN ENTRY--PERSONAL NAME | |
| Personal name | Bhatia, K. N |
| 245 ## - TITLE STATEMENT | |
| Title | Objective Biology For Neet Exam Conducted By Nta Set Of 3 Vol/ |
| Statement of responsibility, etc | K.N Bhatia [and] K. Bhatia |
| 250 ## - EDITION STATEMENT | |
| Edition statement | 1 |
| 260 ## - PUBLICATION, DISTRIBUTION, ETC. (IMPRINT) | |
| Place of publication, distribution, etc | New Delhi |
| Name of publisher, distributor, etc | S. Dinesh & Co. |
| Date of publication, distribution, etc | 2025 |
| 270 ## - ADDRESS | |
| City | New Delhi |
| Address | Gali No 3, Mohalla Panjabian, Ansari Road, Darya Ganj |
| Telephone number | 011-23250628 |
| Electronic mail address | sdineshbengaluru@rediffmail.com |
| 300 ## - PHYSICAL DESCRIPTION | |
| Extent | 1439p. |
| Other physical details | 28cm(pb) |
| 490 ## - SERIES STATEMENT | |
| Volume number/sequential designation | 2,3 |
| 500 ## - GENERAL NOTE | |
| General note | |
| 700 ## - ADDED ENTRY--PERSONAL NAME | |
| Personal name | Bhatia, K. |
| Relator term | Author |
| 9 (RLIN) | 85507 |
| 942 ## - ADDED ENTRY ELEMENTS (KOHA) | |
| Source of classification or shelving scheme | Dewey Decimal Classification |
| Item type | English Books |
| Classification part | 574.076 |
| Call number suffix | BHA |
| Withdrawn status | Lost status | Materials specified (bound volume or other part) | Not for loan | Collection code | Home library | Current library | Date acquired | Source of acquisition | Cost, normal purchase price | Full call number | Barcode | Copy number | Cost, replacement price | Koha item type |
|---|---|---|---|---|---|---|---|---|---|---|---|---|---|---|
| VOL-3 | Not For Loan | Non-fiction | D.B.Act.Division | D.B.Act.Division | 05/08/2025 | Delivery of Books Act Division | 466.00 | 574.076 BHA | EN-129843 | 1 | 466.00 | English Books | ||
| VOL-2 | Non-fiction | Mobile Library | Mobile Library | 05/08/2025 | Delivery of Books Act Division | 466.00 | 574.076 BHA | EN-129842 | 1 | 466.00 | English Books |
